De Stijl: 1917-1931. Visiones de utopía
Gespeichert in:
| Hauptverfasser: | , , , , , , , , , , |
|---|---|
| Format: | Buch |
| Sprache: | Spanisch |
| Veröffentlicht: |
Madrid
Alianza
1982
|
| Ausgabe: | 1a. ed |
| Schlagworte: | |
| Tags: |
Tag hinzufügen
Keine Tags, Fügen Sie den ersten Tag hinzu!
|
MARC
| LEADER | 00000nam a2200000 a 4500 | ||
|---|---|---|---|
| 001 | UCK4350 | ||
| 003 | CL-VaPUC | ||
| 008 | 050603e19820000SP |||||||||||||||||spa|d | ||
| 020 | |a 8420690368 | ||
| 082 | 0 | 4 | |a 759.06 |b BOC |2 21 |
| 100 | 0 | |a Bock, Manfred |e author |9 492814 | |
| 700 | 0 | |a Broos, Kees |e author |9 492815 | |
| 700 | 0 | |a Filler, Martin |e author |9 492816 | |
| 700 | 0 | |a Frampton, Kenneth |e author |9 492817 | |
| 700 | 0 | |a Friedman, Martin |e author |9 492818 | |
| 700 | 0 | |a Harmsen, Ger |e author |9 492819 | |
| 700 | 0 | |a Joosten, Joop |e author |9 492820 | |
| 700 | 0 | |a Oxenaar, Rudolf W. D |e author |9 492821 | |
| 700 | 0 | |a Polano, Sergio |e author |9 492822 | |
| 700 | 0 | |a Troy, Nancy J |e author |9 492823 | |
| 700 | 0 | |a Welsh, Robert P |e author |9 492824 | |
| 245 | 1 | 0 | |a De Stijl: 1917-1931. Visiones de utopía |
| 250 | |a 1a. ed | ||
| 300 | |a 254 p | ||
| 942 | |c BK | ||
| 945 | |d 20050603 00:00:00 |a cmena | ||
| 260 | |a Madrid |b Alianza |c 1982 | ||
| 650 | 0 | |a Artes visuales |9 336870 | |
| 650 | 0 | |a Revistas |9 335471 | |
| 650 | 0 | |a Pintura moderna |9 265600 | |
| 650 | 0 | |a Arte abstracto |9 265105 | |
| 583 | |a last modification |c 20050603 00:00:00 |k Rodrigo Vera | ||
| 999 | |c 313234 |d 313232 | ||
| 952 | |0 0 |1 0 |4 0 |6 759_060000000000000_BOC_1982 |7 0 |8 A |9 384416 |a BIBARQ |b BIBARQ |d 2019-11-22 |i 4129237 |o 759.06 BOC 1982 |p 4129237 |r 2025-01-20 |w 2019-11-22 |y BK |k ARQ | ||